000 00891nas a2200325 4500
001 BR9206649
003 BR-BrBNA
005 20231205092941.0
007 ta
008 230509b bl.|||p| |||| 00| 00por d
040 _aBR-BrBNA
_bpor
_cBiblioteca Nacional de Agricultura
041 _a(Pt)
072 _aF30
100 1 _aSonnenberg, P.E.
100 1 _aOliveira, F.R. de
100 1 _aAlmeida, B.G. de
100 1 _aAraujo, C.R. de
100 1 _aUmbelino, G.
100 1 _aGoncalves, J.P.
100 1 _aAlvarenga, S.J.
245 1 _aEnsaio nacional de variedade de alho (Allium sativum L.)em Picos - 1973
650 _aALHO
650 _aVARIEDADE
650 _aBULBO
650 _aPESO
650 _aPIAUI
773 0 _tRevista de Olericultura (Brazil)
_x
_g(1976), (no. 16) p. 39-40
_wBR9206649
909 _a202311
_bLúcia
_c55
_dLúcia Elande
942 _2AGRIS
_n0
_cANA
999 _c135332
_d135332